Culture/Power/History : (Record no. 14029)
[ view plain ]
| 000 -LEADER | |
|---|---|
| fixed length control field | 01513pam a2200337 a 4500 |
| 001 - CONTROL NUMBER | |
| control field | 1104989 |
| 005 - DATE AND TIME OF LATEST TRANSACTION | |
| control field | 20030723212543.0 |
| 008 - FIXED-LENGTH DATA ELEMENTS--GENERAL INFORMATION | |
| fixed length control field | 930421s1994 njua |rb 001 0 eng |
| 010 ## - LIBRARY OF CONGRESS CONTROL NUMBER | |
| LC control number | 93001795 |
| 020 ## - INTERNATIONAL STANDARD BOOK NUMBER | |
| International Standard Book Number | 0691021023 (pbk. : acidfree paper) |
| 040 ## - CATALOGING SOURCE | |
| Original cataloging agency | DLC |
| Transcribing agency | DLC |
| Modifying agency | DLC |
| 050 00 - LIBRARY OF CONGRESS CALL NUMBER | |
| Classification number | HM101 |
| Item number | .C937 1994 |
| 082 ## - DEWEY DECIMAL CLASSIFICATION NUMBER | |
| Edition number | 22 |
| Classification number | 306 |
| Item number | CUL |
| 245 00 - TITLE STATEMENT | |
| Title | Culture/Power/History : |
| Remainder of title | A Reader in Contemporary Social Theory / |
| Statement of responsibility, etc | Nicholas B. Dirks, Geoff Eley, and Sherry B. Ortner, editors. |
| 260 ## - PUBLICATION, DISTRIBUTION, ETC. (IMPRINT) | |
| Place of publication, distribution, etc | Princeton, N.J. : |
| Name of publisher, distributor, etc | Princeton University Press, 1994 |
| Date of publication, distribution, etc | c1994. |
| 300 ## - PHYSICAL DESCRIPTION | |
| Extent | xiv, 621 p. : |
| Other physical details | ill. ; |
| Dimensions | 25 cm. |
| 490 ## - Series Statement | |
| Series statement | Princeton Studies in Culture/Power/History |
| -- | 14414 |
| 504 ## - BIBLIOGRAPHY, ETC. NOTE | |
| Bibliography, etc | Includes bibliographical references and index. |
| 650 #0 - SUBJECT ADDED ENTRY--TOPICAL TERM | |
| Topical term or geographic name as entry element | Culture. |
| 9 (RLIN) | 14408 |
| 650 #0 - SUBJECT ADDED ENTRY--TOPICAL TERM | |
| Topical term or geographic name as entry element | Power (Social sciences) |
| 9 (RLIN) | 14409 |
| 650 #0 - SUBJECT ADDED ENTRY--TOPICAL TERM | |
| Topical term or geographic name as entry element | Social sciences. |
| 9 (RLIN) | 14410 |
| 700 1# - ADDED ENTRY--PERSONAL NAME | |
| Personal name | Dirks, Nicholas B., |
| Dates associated with a name | 1950- |
| 9 (RLIN) | 14411 |
| 700 1# - ADDED ENTRY--PERSONAL NAME | |
| Personal name | Eley, Geoff, |
| Dates associated with a name | 1949- |
| 9 (RLIN) | 14412 |
| 700 1# - ADDED ENTRY--PERSONAL NAME | |
| Personal name | Ortner, Sherry B., |
| Dates associated with a name | 1941- |
| 9 (RLIN) | 14413 |
| 856 42 - ELECTRONIC LOCATION AND ACCESS | |
| Materials specified | Book review (H-Net) |
| Uniform Resource Identifier | <a href="http://www.h-net.org/review/hrev-a0b1s8-aa">http://www.h-net.org/review/hrev-a0b1s8-aa</a> |
| 856 41 - ELECTRONIC LOCATION AND ACCESS | |
| Materials specified | Table of contents |
| Uniform Resource Identifier | <a href="http://www.loc.gov/catdir/toc/prin031/93001795.html">http://www.loc.gov/catdir/toc/prin031/93001795.html</a> |
| 856 42 - ELECTRONIC LOCATION AND ACCESS | |
| Materials specified | Publisher description |
| Uniform Resource Identifier | <a href="http://www.loc.gov/catdir/description/prin021/93001795.html">http://www.loc.gov/catdir/description/prin021/93001795.html</a> |
| 942 ## - ADDED ENTRY ELEMENTS (KOHA) | |
| Source of classification or shelving scheme | Dewey Decimal Classification |
| Item type | Book - Borrowing |
| Withdrawn status | Item status | Source of classification or shelving scheme | Damaged status | Not for loan | Vendor | Home library | Current library | Shelving location | Date acquired | Source of acquisition | Cost, normal purchase price | Serial Enumeration / chronology | Total Checkouts | Total Renewals | Full call number | Barcode | Date last seen | Date last borrowed | Koha item type |
|---|---|---|---|---|---|---|---|---|---|---|---|---|---|---|---|---|---|---|---|
| Dewey Decimal Classification | Baccah | Central Library | Central Library | First floor | 30/05/2010 | 210.00 | 10322 | 3 | 25 | 306 CUL | 000020877 | 15/07/2025 | 06/12/2016 | Book - Borrowing |